00267nam a2200121Ia 45000030006000000080041000060400015000471000010000622450035000722600009001075460012001160050017001280STCL150530s9999 xx 000 0 und d aSTCLcSTCL aHenry aRecollection of Geoffry Hamlyn c1924 aEnglish20220125171022.0